Nine Worlds (Norse Mythology) Quiz Stats

 Plays Quiz Updated Mar 30, 2017

Support Sporcle.
Go Orange.
Score 0/9 Timer 05:00
6 Plays Today
# World % Correct
1Ásgarðr
91.6%
8Miðgarðr
83.5%
9Hel
69.6%
3Jötunheimr
69%
5Álfheimr
60.2%
2Vanaheimr
54.6%
6Svartálfaheimr
53.6%
4Niflheimr
50%
7Múspellsheimr
48.3%

You're not logged in!

Compare scores with friends on all Sporcle quizzes.
OR
Log In
Forgot?

From the Vault

Click-a-Flag

by pdigoe

After you've clicked it you can also run and wave it around.
Remove Ads.
Support Sporcle.
Get the best of Sporcle when you Go Orange. This ad-free experience offers more features, more stats, and more fun while also helping to support Sporcle. Thank you for becoming a member.

Show Comments

Extras

Top Quizzes Today


Score Distribution

Your Account Isn't Verified!

In order to create a playlist on Sporcle, you need to verify the email address you used during registration. Go to your Sporcle Settings to finish the process.

Report this User

Report this user for behavior that violates our Community Guidelines.

Details: